1562 1893 1418 1760 1004 1378 1016 1866 1449 1957 1054 1082 1074 1705 1591 1981 1136 1571 1244 1001 1386 1960 1619 1964 1442 1494 1827 1663 1434 1335 1071 1179 1189 1763 1080 1682 1144 1870 1468 1832 1753 1405 1904 1482 1436 1363 1132 1716 1292 1755 1243 1839 1078 1151 1541 1455 1309 1875 1930 1551 1173 1874 1456 1629 1067 1121 1820 1699 1669 1444 1833 1504 1761 1354 1735 1055 1819 1215 1517 1023 1227 1896 1105 1946 1444 1984 1290 1418 1867 1741 1677 1511 1726 1771 1570 1828 1940 1845 1318 BCNSPRNW ULIB Ver.6.0+V

เปลี่ยนเป็นภาษาไทย

Change to English
 แสดงรายละเอียดบรรณานุกรม
  กลับหน้าหลัก

Brief Record : Get Marc (ISO 2709) : E-mail record : QR code < ปิดหน้าต่าง
LEADER : 00000nam 2200000uu 4500
001    13399113917
003     ULIB
008    120113s2552||||th 000 0 tha d
020    ^a9786117097058
090    ^aนว.^bP111O 2552
100 0  ^aPink_Rabbit
245 00 ^aOh! My Pretty Boy รักหมดใจให้นายคนเดียว/^cPink_Rabbit
250    ^aพิมพ์ครั้งที่ 1
260    ^aกรุงเทพฯ :^bSimply Book,^c2552
300    ^a240 หน้า
945    ^p185^l0^i15767
995    ^aกัณชพร
999    ^aใช้งานได้ทุกระบบ
รายการนี้ยังไม่มีแท็ก
คุณยังไม่ได้ล็อกอิน คุณสามารถมีกิจกรรมร่วมกับเว็บไซต์ได้ แต่ต้องล็อกอินก่อน ::
  ล็อกอิน

รายการสื่อสารสนเทศ

ลำดับที่ ประเภท เลขเรียก/บาร์โค้ด สถานที่ สถานะ
1. วิทยาศาสตร์การแพทย์ และสุขภาพ
วิทยาศาสตร์การแพทย์ และสุขภาพ
นว. P111O 2552  
  Barcode: 15767
ห้องสมุดวิทยาเขตสวรรค์ประชารักษ์
►นวนิยาย
บนชั้น
  ขอยืม

BibComment


ยังไม่เคยถูกคอมเมนท์

คอมเมนท์ทรัพยากรรายการนี้
  คอมเมนท์: Oh My Pretty Boy..


 Copyright 2026. Bcnsprnw @Library